Del diàleg en la poesia medieval catalana / Ll. Nicolau d'Olwer
Publicado:
Barcelona :
Escola Catalana d'Art Dramàtic de la Mancomunitat de Catalunya i l'Ajuntament de Barcelona ,
1920
Descripción Física:
23 p., 1 retrat ; 26 cm
MARC
| LEADER | 00000nam a2200000Ia 4500 | ||
|---|---|---|---|
| 001 | 8223 | ||
| 008 | 160829s1920 xx 000 0 cat d | ||
| 080 | |a RF-9-36 | ||
| 100 | |a Nicolau d'Olwer, Lluís |9 29036 | ||
| 245 | |a Del diàleg en la poesia medieval catalana / Ll. Nicolau d'Olwer | ||
| 260 | |a Barcelona : |b Escola Catalana d'Art Dramàtic de la Mancomunitat de Catalunya i l'Ajuntament de Barcelona, |c 1920 | ||
| 300 | |a 23 p., 1 retrat ; |c 26 cm | ||
| 650 | |a Diàleg |9 38728 | ||
| 650 | |a Poesia medieval catalana |x Història i crítica |9 38729 | ||
| 710 | 2 | |a Catalunya. |b Mancomunitat |9 53015 | |
| 710 | 1 | |a Barcelona (Catalunya). |b Ajuntament |9 50981 | |
| 710 | 2 | |a Escola Catalana d'Art Dramàtic |9 55259 | |
| 856 | 4 | |u https://media.diba.cat/diba/fitxers/arxiu/fulletons/bib_8223_1920_baixa.pdf |y Accés lliure | |
| 856 | 4 | |u https://media.diba.cat/diba/fitxers/arxiu/fulletons/bib_8223_1920_baixa.pdf |y Accés lliure | |
| 901 | |a Arxiu | ||
| 942 | |n 1 |2 udc | ||
| 952 | |0 0 |1 0 |4 0 |6 RF936 |7 1 |9 48561 |a Arxiu |b Arxiu |d 2016-12-01 |l 0 |o RF-9-36 |p 8223 |r 2016-12-01 00:00:00 |w 2016-12-01 |y ARXIU | ||
| 999 | |c 52391 |d 52391 | ||
| 900 | |a bib_8223_1920_baixa.pdf | ||